000 00285nam a2200109Ia 4500
008 190216s9999||||xx |||||||||||||| ||und||
100 _aKishor Kumar
245 0 _aHindi-Bharat Main Sampradayikata Ateet Aur Vartman
260 _bMoohim Publicaion
_c2005
650 _aHindi
942 _cBK
999 _c16427
_d16427